000 00619nam a2200217Ia 4500
003 OSt
005 20250613115112.0
008 210210b2009 xxu||||| |||| 00| 0 eng d
040 _cAL
041 _aTulu
082 _aT894.8 VAMT
100 _aVAMANA NANDAVARA Ed
_dವಾಮನ ನಂದವರ
_9214903
245 _aTulu pathayapustaka
_b ತುಳು ಪಠ್ಯ ಪುಸ್ತಕ
260 _aUjire
_bVishva Tulu SammeLano 2009
_c2009
300 _axv,200
650 _aTuLu
_9214904
650 _apaThayapustaka
_9214905
690 _aTulu Miscellaneous
_9214906
906 _a064574
942 _2ddc
_cBK
999 _c142923
_d142923